000 00808nas a2200229 4500
001 BR0105078
003 BR-BrBNA
005 20231205102452.0
007 ta
008 230509b bl.|||p| |||| 00| 00por d
040 _aBR-BrBNA
_bpor
_cBiblioteca Nacional de Agricultura
041 _a(Pt)
072 _aL70; C10
110 1 _aMinisterio da Agricultura e do Abastecimento, Brasilia, DF (Brasil). Secretaria de Defesa Agropecuaria
_96730
245 1 _aBoletim de defesa sanitaria animal. Parte 4: coordenacao de laboratorio animal
650 _aVeterinaria
650 _aLaboratorio
650 _aTreinamento
773 0 _tBoletim de Defesa Sanitaria Animal (Brazil)
_xISSN 0100-5855
_g(Dec 1995), v. 28(1-4) p. 115-131
_wBR0105078
909 _a202311
_bLúcia
_c55
_dLúcia Elande
942 _2AGRIS
_n0
_cANA
999 _c167724
_d167724